Clase de cocina: con explicaciones paso por paso (Registro nro. 9463)

Detalles MARC
000 -CABECERA
campo de control de longitud fija 00471nam a22001817a 4500
005 - FECHA Y HORA DE ACTUALIZACIÓN
campo de control 20170525130732.0
008 - LONGITUD FIJA
campo de control de longitud fija 170525b xxu||||| |||| 00| 0 spa d
041 ## - IDIOMA
Código de idioma del texto/pista de sonido o título separado
082 ## - CLASIFICACIÓN DECIMAL DEWEY
Número de clasificación 1.4.17 L697L
245 ## - TÍTULO PROPIAMENTE DICHO
Título Clase de cocina: con explicaciones paso por paso
260 ## - PIE DE IMPRENTA
Fecha de publicación, distribución, etc. Publications International
260 ## - PIE DE IMPRENTA
Lugar de publicación, distribución, etc. Costa Rica
260 ## - PIE DE IMPRENTA
Fecha de publicación, distribución, etc. 1994
300 ## - DESCRIPCIÓN FÍSICA
Extensión 608 páginas
650 ## - Materia General
Materia general RECETAS DE COCINA
650 ## - Materia General
Materia general ALIMENTOS Y BEBIDAS
942 ## - Punto de Acceso Adicional Koha
Tipo de ítem Koha Libro
Existencias
Estado perdido Estado dañado No para préstamo Biblioteca permanente Biblioteca actual Signatura completa Código de barras Precio efectivo a partir del Tipo de ítem
      Departamento de Biblioteca y Documentación Alfonso Chase Brenes Departamento de Biblioteca y Documentación Alfonso Chase Brenes 1.4.17 L697L 6303 25/05/2017 Libro